Bernard Hill Quiz - Statistics

General Stats
  • This quiz has been taken 9 times
  • The average score is 3 of 5
Answer Stats
Question Answer % Correct
Occupation Actor
100%
Amount of Children 2
67%
Years active 1970-2024
33%
He acted Théodred in the Lord of the Rings False
33%
Spouse Marianna Hill
33%
No matching quizzes found
Score Distribution
Percent of People with Each Score
Percentile by Number Answered
Your Score History
You have not taken this quiz